000 01158cac a22002651u 4500
090 _c8571
008 081113t2001 xxu||||| |||| 00| 0 eng d
010 _a2001021719
020 _a0333917928
082 0 0 _a172.4
_bSEC
245 0 0 _aEthics and international relations /
_cedited by Hakan Seckinelgin and Hideaki Shinoda.
260 _aNew York :
_bPalgrave,
_cC.2001.
300 _avii, 212 p. ;
_c23 cm.
500 _aDistributer: Baccah.
504 _aIncludes bibliographical references and index.
511 _aCatalogued By: Mahitab.
650 0 _aInternational relations
_xMoral and ethical aspects.
700 1 _aSeckinelgin, Hakan,
_d1969-
700 1 _aShinoda, Hideaki,
_d1968-
856 4 2 _3Contributor biographical information
_uhttp://www.loc.gov/catdir/bios/hol058/2001021719.html
856 4 2 _3Publisher description
_uhttp://www.loc.gov/catdir/description/hol051/2001021719.html
856 4 2 _3Table of contents
_uhttp://www.loc.gov/catdir/toc/hol051/2001021719.html
942 _cBB
_k172.4SEC
_2ddc
999 _c8571
_d8571